000
00321nam a2200145Ia 4500
005
20251222152016.0
008
251222s9999||||xx |||||||||||||| ||spa||
020
_a
8790730682
082
_a
306.08/G77
100
_a
Gray, Andrew
245
0
_a
El Ultimo Chaman
250
_a
1ra.ed.
264
_b
T.A.G.E
942
_c
LIB
999
_c
25100
_d
25100